000 00567nab a2200217 a 4500
001 57760
003 129102
005 20201118103343.0
008 ||||||n9999 ||| || ||
041 _aspa
100 _aLleras Camargo, Alberto, 1906-1990
245 0 _aPrograma general (v1)
260 _aBogotá :
_bCONPES,
_c1962.
300 _a465p.en v1
562 _e2
650 _aDESARROLLO
650 _aPLANES DE DESARROLLO
650 _aPROGRAMAS DE DESARROLLO
773 _057758
_aPlan general de desarrollo economico y social :
942 _cDO-GO
999 _c57760
_d57760